Causalidad jurídica y representacióm
Gespeichert in:
| 1. Verfasser: | |
|---|---|
| Format: | Buch |
| Sprache: | Spanisch |
| Veröffentlicht: |
Buenos Aires
Ediciones Jurídicas Europa-América
1962
|
| Ausgabe: | 1a. ed |
| Schriftenreihe: | Breviarios de Derecho, 53
|
| Schlagworte: | |
| Tags: |
Tag hinzufügen
Keine Tags, Fügen Sie den ersten Tag hinzu!
|
MARC
| LEADER | 00000cam a2200000 a 4500 | ||
|---|---|---|---|
| 001 | UCD4907 | ||
| 003 | CL-VaPUC | ||
| 008 | 160731e19620000ag |||||||||||||||||spa|d | ||
| 082 | 0 | 4 | |a 345.05 |b NEI |2 21 |
| 100 | |a Neipp, Vittorio |e autor |9 588611 | ||
| 245 | 1 | 0 | |a Causalidad jurídica y representacióm |
| 250 | |a 1a. ed | ||
| 300 | |a 166 p | ||
| 942 | |c BK | ||
| 945 | |d 20160731 21:25:00 |a dcastane | ||
| 260 | |a Buenos Aires |b Ediciones Jurídicas Europa-América |c 1962 | ||
| 650 | 7 | |a DERECHO PENAL |2 CL-VaPUC |9 11 | |
| 650 | 7 | |a CAUSALIDAD |2 CL-VaPUC |9 225420 | |
| 650 | 0 | |a Jurisprudencia |9 255952 | |
| 583 | |a last modification |c 20160731 21:25:00 |k Rodrigo Vera | ||
| 490 | 0 | |a Breviarios de Derecho, 53 | |
| 999 | |c 365697 |d 365695 | ||
| 952 | |0 0 |1 0 |3 erd |4 0 |6 345_050000000000000_NEI_1962 |7 0 |8 A |9 479626 |a BIBDER |b BIBDER |i 5299454 |o 345.05 NEI 1962 |p 5299454 |r 2023-01-25 |w 2019-11-24 |y BK |z Catalogado en:20160731 |k DER | ||